Dispensa de la prescripción liberatoria y cuantificación del daño. Dos aspectos destacados en la búsqueda de reparar la violencia sufrida por una niña / (Registro nro. 6068)
[ vista simple ]
| 000 -LEADER | |
|---|---|
| fixed length control field | 01213nab a22002297a 4500 |
| 003 - CONTROL NUMBER IDENTIFIER | |
| control field | OSt |
| 005 - DATE AND TIME OF LATEST TRANSACTION | |
| control field | 20260121004937.0 |
| 008 - FIXED-LENGTH DATA ELEMENTS--GENERAL INFORMATION | |
| fixed length control field | 190514b xxu||||| |||| 00| 0 spa d |
| 040 ## - CATALOGING SOURCE | |
| Transcribing agency | PJ |
| 100 ## - MAIN ENTRY--PERSONAL NAME | |
| 9 (RLIN) | 6844 |
| Personal name | Loiza, Fabián M. |
| 245 10 - TITLE STATEMENT | |
| Title | Dispensa de la prescripción liberatoria y cuantificación del daño. Dos aspectos destacados en la búsqueda de reparar la violencia sufrida por una niña / |
| Statement of responsibility, etc | Fabián M. Loiza. |
| 300 ## - PHYSICAL DESCRIPTION | |
| Extent | p. 126-133 |
| 500 ## - GENERAL NOTE | |
| General note | Cita: TR LALEY AR/DOC/988/2024. |
| 505 ## - FORMATTED CONTENTS NOTE | |
| Formatted contents note | Sumario: I. Síntesis del fallo.— II. El primer aspecto destacado: la prescripción liberatoria.— III. El segundo aspecto destacado: la cuantificación del daño.— IV. Algunas conclusiones posibles. |
| 505 ## - FORMATTED CONTENTS NOTE | |
| Title | Fallo comentado: JCiv., Com. y Minería Nro. 1, Viedma ~ 20/12/2023 ~ A-1VI-993-C2021 s/ daños y perjuicios Expte. Nº VI-30658-C-0000. |
| 650 #0 - SUBJECT ADDED ENTRY--TOPICAL TERM | |
| 9 (RLIN) | 967 |
| Topical term or geographic name as entry element | DERECHO DE FAMILIA |
| 650 #0 - SUBJECT ADDED ENTRY--TOPICAL TERM | |
| 9 (RLIN) | 3092 |
| Topical term or geographic name as entry element | PRESCRIPCIÓN |
| 650 #0 - SUBJECT ADDED ENTRY--TOPICAL TERM | |
| 9 (RLIN) | 1134 |
| Topical term or geographic name as entry element | VIOLENCIA FAMILIAR |
| 650 #0 - SUBJECT ADDED ENTRY--TOPICAL TERM | |
| 9 (RLIN) | 1057 |
| Topical term or geographic name as entry element | JURISPRUDENCIA APLICABLE |
| 773 0# - HOST ITEM ENTRY | |
| Host Biblionumber | 2844 |
| Host Itemnumber | 3222 |
| Place, publisher, and date of publication | Buenos Aires : AbeledoPerrot, 1989- |
| Title | Derecho de familia. Revista Interdisciplinaria de doctrina y jurisprudencia. Junio 2024-III. |
| International Standard Book Number | 18511201 |
| 942 ## - ADDED ENTRY ELEMENTS (KOHA) | |
| Source of classification or shelving scheme | |
| Koha item type | Analítica Artículo de Revista |
No hay ítems disponibles.
